Normal view
MARC view
Entry Corporate Name
001 - CONTROL NUMBER
- control field: 498
003 - CONTROL NUMBER IDENTIFIER
- control field: BT-SaRUSC
005 - DATE AND TIME OF LATEST TRANSACTION
- control field: 20260408103401.0
008 - FIXED-LENGTH DATA ELEMENTS
- fixed length control field: 260408|| aca||aabn | a|a d
040 ## - CATALOGING SOURCE
- Original cataloging agency: BT-SaRUSC
- Transcribing agency: BT-SaRUSC
110 ## - HEADING--CORPORATE NAME
- Corporate name or jurisdiction name as entry element: UNESCO
670 ## - SOURCE DATA FOUND
- Source citation: Work cat.: (BT-SaRUSC)19961: UNESCO, United nations Secretary -generals high level pnael on the teaching profession :, 2024.
